ბათუმის შოთა რუსთაველის სახელმწიფო უნივერსიტეტის ბიბლიოთეკა

მარტორქა და სხვა პიესები (ბიბ.ჩანაწერი № 51533)

000 -LEADER
fixed length control field 00813nam a2200241Ia 4500
001 - CONTROL NUMBER
control field 18523
003 - CONTROL NUMBER IDENTIFIER
control field GE_BSU
008 - FIXED-LENGTH DATA ELEMENTS--GENERAL INFORMATION
fixed length control field 181216s||||||||xx |||||||||||||| ||und||
020 ## - INTERNATIONAL STANDARD BOOK NUMBER
International Standard Book Number 9789941458743
040 ## - CATALOGING SOURCE
Transcribing agency GE_BSU
080 ## - UNIVERSAL DECIMAL CLASSIFICATION NUMBER
Universal Decimal Classification number 821.133.1-2
100 ## - MAIN ENTRY--PERSONAL NAME
Personal name იონესკო, ეჟენ.
245 ## - TITLE STATEMENT
Title მარტორქა და სხვა პიესები
245 ## - TITLE STATEMENT
Statement of responsibility, etc. ფრანგ. თარგმნა დავით კახაბერმა,რედ:ელზა მეტრეველი
260 ## - PUBLICATION, DISTRIBUTION, ETC.
Place of publication, distribution, etc. თბილისი
260 ## - PUBLICATION, DISTRIBUTION, ETC.
Name of publisher, distributor, etc. ინტელექტი
260 ## - PUBLICATION, DISTRIBUTION, ETC.
Date of publication, distribution, etc. 2015
300 ## - PHYSICAL DESCRIPTION
Extent 290გვ;20სმ
653 ## - INDEX TERM--UNCONTROLLED
Uncontrolled term მარტორქა და სხვა პიესები
653 ## - INDEX TERM--UNCONTROLLED
Uncontrolled term პიესები
942 ## - ADDED ENTRY ELEMENTS (KOHA)
Koha item type წიგნი
ეგზემპლარები
Withdrawn status Lost status Damaged status Not for loan Date acquired Barcode Date last seen Price effective from Koha item type
        2018-12-17 47908 2018-12-17 2018-12-17 წიგნი
        2018-12-17 47909 2018-12-17 2018-12-17 წიგნი
        2018-12-17 47910 2018-12-17 2018-12-17 წიგნი